000 00603nam a2200217Ia 4500
005 20230710135302.0
008 131103s9999 xx 000 0 und d
020 _a8125023631
_cRs 375
040 _aLoreto College
041 _aEnglish
082 _a574.5
_bBRO
100 _aBrown, Lester R.
245 4 _aThe Earth policy reader
_cLester R. Brown, Janet Larsen and Bernie Fischlowitz Roberts
260 _aHyderabad
_bOrient Longman
_cc2002
300 _axvi,303p.
504 _aIncludes notes
650 _aRegional histology
700 _aLarsen, Janet
850 _aLCLIB
942 _cBK
999 _c4116
_d54595